LEADER 01010nam--2200361---450- 001 990002107840203316 005 20090227174505.0 035 $a000210784 035 $aUSA01000210784 035 $a(ALEPH)000210784USA01 035 $a000210784 100 $a20041025d1975----km-y0itay0103----ba 101 $aita 102 $aIT 105 $a||||||||001yy 200 1 $a<> anziani$erapporti sociali, lavoro, pensioni$fM. Ugo Colombo 210 $aMilano$cGiuffré$d1975 215 $aXXIII, 747 p.$d24 cm 410 0$12001 454 1$12001 461 1$1001-------$12001 676 $a301.435 700 1$aCOLOMBO,$bUgo Manlio$0438101 801 0$aIT$bsalbc$gISBD 912 $a990002107840203316 951 $a301.435 COL 1 (IEP V 103)$b47379 E.C.$cIEP V$d00199394 951 $aIG III 2 008$b1461 G.$cIG III 959 $aBK 969 $aECO 979 $aSIAV7$b10$c20041025$lUSA01$h1324 979 $aRSIAV4$b90$c20090227$lUSA01$h1745 996 $aAnziani$91036951 997 $aUNISA LEADER 01141nam0 22002891i 450 001 UON00073730 005 20231205102400.814 100 $a20020107d1893 |0itac50 ba 101 $afre 102 $aFR 105 $a|||| ||||| 200 1 $aAlgérie et Tunisie$eRécits de voyage et études$fAlfred Baraudon 210 $aParis$cPlon$d1893 215 $axv,314 p.$d18 cm 606 $aAlgeria$xDescrizioni e viaggi$3UONC019194$2FI 606 $aTunisia$xDescrizioni e viaggi$3UONC018769$2FI 620 $aFR$dParis$3UONL002984 676 $a916.1104$cDESCRIZIONI E VIAGGI DELLA TUNISIA$v21 676 $a916.504$cDESCRIZIONI E VIAGGI DELL'ALGERIA$v21 700 1$aBARAUDON$bAlfred$3UONV048468$0659256 712 $aLibrairie Plon$3UONV248688$4650 801 $aIT$bSOL$c20260410$gRICA 899 $aSIBA - SISTEMA BIBLIOTECARIO DI ATENEO E ARCHIVIO STORICO$2UONSI 912 $aUON00073730 950 $aSIBA - SISTEMA BIBLIOTECARIO DI ATENEO E ARCHIVIO STORICO$dSI 4 0567 $eSI AA 8867 5 0567 996 $aAlgérie et Tunisie$91165450 997 $aUNIOR